Complete the film title (Pierce Brosnan) - Statistics

General Stats
  • This quiz has been taken 38 times
  • The average score is 12 of 20
Answer Stats
Film Title % Correct
Die Another {Day}
100%
Mamma {Mia}!
100%
Mars {Attacks}!
90%
The World Is Not {Enough}
90%
Tomorrow Never {Dies}
90%
The Thomas Crown {Affair}
83%
I Don't Know How She Does {It}
79%
Mrs. {Doubtfire}
72%
Dante's {Peak}
69%
Love Is All You {Need}
69%
The Mirror Has Two {Faces}
69%
The Lawnmower {Man}
59%
The Tailor of {Panama}
55%
The World's {End}
55%
Percy Jackson and the Lightning {Thief}
45%
Laws of {Attraction}
31%
After the {Sunset}
24%
The Fourth {Protocol}
24%
The Long Good {Friday}
24%
The Ghost {Writer}
21%
No matching quizzes found
Score Distribution
Percent of People with Each Score
Percentile by Number Answered
Your Score History
You have not taken this quiz